000 00972nam a2200265Ia 4500
003 OSt
005 20221005103506.0
006 a|||||r|||| 00| 0
007 ta
008 221004b |||||||| |||| 00| 0 hin d
020 _a9789381005330 (hbk)
_c1195
024 _a2231
037 _b300, 30/11/2012, Eastern Book Linkers
_cTextual
040 _aCRL
_cCRL
_bhin
041 _2hin
_ahin
082 _aR66:g, 152Q2
100 _aशर्मा, रमा
245 0 _aपं. मधुसूदन ओझा कृत ब्रह्मसिद्धांत
246 _aPan. Madhusūdan ozā kṛut brahmasiddhāanta
260 _aजयपुर
_bराज पब्लिशिंग हाउस भारत
_c2012
300 _a280पृ0
_ccm.
650 _aभारतीय दर्शन
942 _hR66:g, 152Q2
_cTEXL
_2cc
999 _c1010184
_d1010184